| 000 | 00909cam a22003254a 4500 | ||
|---|---|---|---|
| 001 | 86850 | ||
| 005 | 20230410123609.0 | ||
| 008 | 071004s2007 fr b 000 0 fre | ||
| 010 | _a 2008359143 | ||
| 035 | _a(OCoLC)ocn166329478 | ||
| 040 |
_aDLC _cDLC _dCGQ _dTZT _dOCLCG |
||
| 020 | _a9782247074228 | ||
| 020 | _a2247074227 | ||
| 029 | 1 |
_aTZT _bJTL00210723 |
|
| 035 | _a(OCoLC)166329478 | ||
| 050 | 1 | 4 |
_aKJV 5483 _bD956d 2007 |
| 082 | 0 | 0 |
_a343 _21 |
| 100 | 1 | _aDuret-Robert, Francois. | |
| 245 | 1 | 0 |
_aDroit du marché de l'art / _cFrancois Duret-Robert. |
| 250 | _aTroisiáeme éd. | ||
| 260 |
_aParis : _bDalloz, _c2007. |
||
| 300 |
_a707 p. : _ccm. |
||
| 440 | 0 | _aDalloz action | |
| 504 | _aIncludes bibliographical references. | ||
| 650 | 0 |
_aLaw and art _zFrance. |
|
| 650 | 0 |
_aArt dealers _xLegal status, laws, etc. _zFrance. |
|
| 942 |
_2lcc _cbk |
||
| 994 |
_aC0 _bDRFGD |
||
| 946 | _ardc | ||
| 999 |
_c64606 _d64606 |
||